000
00306nam a2200109Ia 4500
008
200302s9999 xx 000 0 und d
100
_a
Lois Davidson Gottlieb
245
_a
A Way Of Life: An Apprenticeship With Frank Lloyd Wright
260
_b
Images Publishing, Austraila
260
_c
2001
300
_a
224 P
999
_c
4537
_d
4537